El comportamiento de los verbos haber y ser en función de auxiliar de los tiempos compuestos (siglos XIII-XVII)

In the old Spanish language the usage of the compound tenses formed with the auxiliary ’haber’ and the participle form shows several differences compared to today’s usage. It turns out from fragments from the XIII-XVII. centuries that the word order of the elements in the structure was not bound: on...

Teljes leírás

Elmentve itt :
Bibliográfiai részletek
Szerző: Idrisz Ágnes
Dokumentumtípus: Cikk
Megjelent: Universidad "József Attila", Departamento de Estudios Hispánicos Szeged 2009
Sorozat:Acta hispanica 14
Kulcsszavak:Spanyol nyelv - igeidő, Spanyol nyelv - mondattan, Nyelvtörténet - spanyol
Tárgyszavak:
Online Access:http://acta.bibl.u-szeged.hu/638
LEADER 02305nab a2200229 i 4500
001 acta638
005 20220622163936.0
008 161015s2009 hu o 0|| eng d
022 |a 1416-7263 
040 |a SZTE Egyetemi Kiadványok Repozitórium  |b hun 
041 |a eng 
041 |a spa 
100 1 |a Idrisz Ágnes 
245 1 3 |a El comportamiento de los verbos haber y ser en función de auxiliar de los tiempos compuestos (siglos XIII-XVII)  |h [elektronikus dokumentum] /  |c  Idrisz Ágnes 
260 |a Universidad "József Attila", Departamento de Estudios Hispánicos  |b Szeged  |c 2009 
300 |a 99-112 
490 0 |a Acta hispanica  |v 14 
520 3 |a In the old Spanish language the usage of the compound tenses formed with the auxiliary ’haber’ and the participle form shows several differences compared to today’s usage. It turns out from fragments from the XIII-XVII. centuries that the word order of the elements in the structure was not bound: on the one hand, the participle form could come before the auxiliary, on the other hand, other parts of the sentence could be inserted between the two elements of the structure. Furthermore, the participle form could possibly be reconciled with the direct object of the sentence. The above mentioned features can be found in the earliest fragments of the ’corpus’ on a larger scale, whereas by the XVII. century – due to the grammatical progress of the structure – these features had almost completely disappeared. Another peculiarity about the development of the structure haber + participio pasado is that the occurence of the above mentioned features depended largely on the genre of the text. There is a whole range of studies available which deal with the emergence and the forms of the compound tenses. Therefore, the purpose of the present study is to examine – based on the article of Concepción Company in 1983 – how much these compound tenses are present in the texts from different ages, as well as how much the frequency of their presence was influenced by the genre of the texts. 
650 4 |a Bölcsészettudományok 
650 4 |a Nyelvek és irodalom 
695 |a Spanyol nyelv - igeidő, Spanyol nyelv - mondattan, Nyelvtörténet - spanyol 
856 4 0 |u http://acta.bibl.u-szeged.hu/638/1/hisp_014_099-112.pdf  |z Dokumentum-elérés